Los Estados fallidos: ideología, mal del sistema internacional y problema nacional /

Wedi'i Gadw mewn:
Manylion Llyfryddiaeth
Prif Awdur: Alcalde Cardosa, Javier
Fformat: Texto
Pynciau:
Tagiau: Ychwanegu Tag
Dim Tagiau, Byddwch y cyntaf i dagio'r cofnod hwn!

MARC

LEADER 00000 a a2200000 04500
001 18200
003
040
100 |a Alcalde Cardosa, Javier  
245 |a Los Estados fallidos:   |b ideología, mal del sistema internacional y problema nacional /  |c Javier Alcalde Cardosa 
650 |a ESTADO  
650 |a POLITICA INTERNACIONAL  
650 |a CRISIS SOCIAL  
650 |a CRISIS POLITICA  
650 |a TEORIA  
773 |g número 100; páginas 101-110  
999 |c 37190  |d 37190